Coal losses of Tennessee, (Record no. 26523)

MARC details
000 -LEADER
fixed length control field 00945cam a22002531 4500
001 - CONTROL NUMBER
control field gs 27000001
003 - CONTROL NUMBER IDENTIFIER
control field DLC
005 - DATE AND TIME OF LATEST TRANSACTION
control field 20260227111331.0
008 - FIXED-LENGTH DATA ELEMENTS--GENERAL INFORMATION
fixed length control field 780117s1925 xx 000 0 eng c
010 ## - LIBRARY OF CONGRESS CONTROL NUMBER
LC control number gs 27000001
035 ## - SYSTEM CONTROL NUMBER
System control number (OCoLC)3563978
040 ## - CATALOGING SOURCE
Original cataloging agency Library, U.S. Geological Survey
Transcribing agency OT
Modifying agency DLC
042 ## - AUTHENTICATION CODE
Authentication code premarc
050 00 - LIBRARY OF CONGRESS CALL NUMBER
Classification number QE165
Item number .A2 no. 33-E
051 ## - LIBRARY OF CONGRESS COPY, ISSUE, OFFPRINT STATEMENT
Classification number TN805.T2
Item number F6
Copy information Copy 2.
100 1# - MAIN ENTRY--PERSONAL NAME
Personal name Forbes, John J. V.
Fuller form of name (John Joseph Vincent),
Dates associated with a name 1885-1975.
245 10 - TITLE STATEMENT
Title Coal losses of Tennessee,
Statement of responsibility, etc. by J. J. Forbes. Prepared by the Bureau of mines, Department of the interior, for the United States Coal commission.
260 ## - PUBLICATION, DISTRIBUTION, ETC.
Place of publication, distribution, etc. Nashville, Tenn.,
Date of publication, distribution, etc. 1925.
300 ## - PHYSICAL DESCRIPTION
Extent v, 36 p.
Other physical details illus., tables.
Dimensions 23 cm.
490 0# - SERIES STATEMENT
Series statement Tennessee. Dept. of education. Division of geology. Bulletin 33-E
650 #0 - SUBJECT ADDED ENTRY--TOPICAL TERM
Topical term or geographic name entry element Coal mines and mining
Geographic subdivision Tennessee.
710 1# - ADDED ENTRY--CORPORATE NAME
Corporate name or jurisdiction name as entry element United States.
Subordinate unit Coal commission.
710 1# - ADDED ENTRY--CORPORATE NAME
Corporate name or jurisdiction name as entry element United States.
Subordinate unit Bureau of Mines.

No items available.

Powered by Koha